|
|
|
|
| LEADER |
00000nam0a2200000 4500 |
| 001 |
268999 |
| 005 |
20231101234221.0 |
| 020 |
|
|
|a RU
|b 87-5187
|
| 035 |
|
|
|a (RuTPU)RU\TPU\book\292155
|
| 090 |
|
|
|a 268999
|
| 100 |
|
|
|a 20140911d1987 m y0rusy5003 ca
|
| 101 |
0 |
|
|a rus
|
| 102 |
|
|
|a UA
|
| 105 |
|
|
|a a j 000zy
|
| 200 |
1 |
|
|a Математика. Алгебра и начала анализа
|e учебное пособие для иностранных граждан для подготовительных отделений вузов
|f под ред. А. И. Лобанова
|
| 210 |
|
|
|a Киев
|c Вища школа
|d 1987
|
| 215 |
|
|
|a 304 с.
|c ил.
|
| 606 |
1 |
|
|a Алгебра
|2 stltpush
|3 (RuTPU)RU\TPU\subj\1723
|9 30429
|
| 606 |
1 |
|
|a Математический анализ
|2 stltpush
|3 (RuTPU)RU\TPU\subj\41236
|9 61042
|
| 610 |
1 |
|
|a множества
|
| 610 |
1 |
|
|a функции
|
| 610 |
1 |
|
|a неравенства
|
| 610 |
1 |
|
|a тождества
|
| 610 |
1 |
|
|a уравнения
|
| 610 |
1 |
|
|a комплексные числа
|
| 610 |
1 |
|
|a учебные пособия
|
| 675 |
|
|
|a 512(075.4)
|z rus
|v 3
|
| 675 |
|
|
|a 517(075.4)
|z rus
|v 3
|
| 702 |
|
1 |
|a Лобанов
|b А. И.
|g Анатолий Иванович
|4 340
|
| 801 |
|
0 |
|a RU
|b RuMRKP
|c 19950417
|g psbo
|
| 801 |
|
1 |
|a RU
|b 63413507
|c 20140911
|
| 801 |
|
2 |
|a RU
|b 63413507
|c 20150630
|g RCR
|
| 942 |
|
|
|c BK
|